Metals in the Service of Man (Record no. 298462)

000 -LEADER
fixed length control field 00244 a2200109 4500
001 - CONTROL NUMBER
control field 63389
082 ## - DEWEY DECIMAL CLASSIFICATION NUMBER
Classification number 669 ALE
090 ## - LOCALLY ASSIGNED LC-TYPE CALL NUMBER (OCLC); LOCAL CALL NUMBER (RLIN)
-- 37440
-- 37440
100 ## - MAIN ENTRY--PERSONAL NAME
Personal name Alexander, W
245 ## - TITLE STATEMENT
Title Metals in the Service of Man
Medium English
260 ## - PUBLICATION, DISTRIBUTION, ETC.
Name of publisher, distributor, etc. Penguin Books
942 ## - ADDED ENTRY ELEMENTS (KOHA)
Institution code [OBSOLETE] CAE NUST
Call number prefix 669 ALE
Holdings
Withdrawn status Lost status Damaged status Not for loan Collection code Permanent Location Current Location Date acquired Total Checkouts Full call number Barcode Date last seen Price effective from Koha item type
          College of Aeronautical Engineering (CAE) College of Aeronautical Engineering (CAE) 04/03/2017   669 ALE CAEG-5502 04/05/2017 04/05/2017 Book
© 2023 Central Library, National University of Sciences and Technology. All Rights Reserved.